|
|
|
|
| LEADER |
00000nab a2200000 a 4500 |
| 001 |
vtls000742569 |
| 003 |
SK-MaSNL |
| 005 |
20260304105808.0 |
| 008 |
250429c2000 xo 0 slo |
| 015 |
|
|
|a SNBRB2001/01-02350
|
| 035 |
|
|
|a CLN000094407
|
| 035 |
|
|
|a urn:nbn:sk:snk-ab76x1
|
| 035 |
|
|
|a (uuid)46113764-3fb3-4989-a1f7-d414a1054af2
|
| 035 |
|
|
|a (urnnbn)urn:nbn:sk:snk:ar-a072hb
|
| 035 |
|
|
|a (sysno)vtls000742569
|
| 040 |
|
|
|a SNKBUCL
|b slo
|c SNKBUCL
|e AACR2
|
| 041 |
0 |
|
|a slo
|
| 044 |
|
|
|a xo
|c SK
|
| 080 |
|
|
|a 336.2:340.137(4:437.6)
|2 1997
|
| 080 |
|
|
|a 339.923(4:437.6):336.2
|2 1997
|
| 245 |
0 |
0 |
|a Negociačná pozícia Slovenskej republiky v kapitole 10 - dane
|
| 300 |
|
|
|b Tab.
|
| 610 |
|
7 |
|a Európska únia
|2 snkbucl
|9 29861
|
| 650 |
0 |
7 |
|a dane
|z Slovensko
|2 snkbucl
|9 305718
|
| 655 |
|
7 |
|a články z novín a časopisov
|2 snkbucl
|9 267496
|
| 773 |
0 |
|
|t Mzdy a financie
|g Roč. 7, č. 23 (2000), s. 94-116
|x 1335-4329
|
| 850 |
|
|
|a Slovenská národná knižnica
|
| 852 |
|
|
|a Slovenská národná knižnica
|
| 958 |
|
|
|a article27
|
| 958 |
|
|
|a OND
|
| 958 |
|
|
|a SK
|
| 999 |
|
|
|c 2857166
|d 2859096
|